Piłkarze Wolverhampton - nagła śmierć - Statystyki

Ogólne statystyki
  • Ten quiz został rozwiązany 96 razy
  • Średni wynik to 10 z 14
Answers on the Grid
Answers color-coded by a green-red scale on the quiz's grid according to % correct below.
Vitinha
Radamel Falcao
Matheus Cunha
Rui Patrício
Dimitri Payet
Alexis Sánchez
Sergio Aguero
Diego Costa
Virgil van Djik
Matheus Nunes
Antoine Griezmann
Filipe Luis
Pedro Neto
Diego Forlán
Raúl Jiménez
Eden Hazard
Rúben Neves
Diego Perotti
Xherdan Shaqiri
Gonçalo Guedes
Yannick Carrasco
Adama Traoré
Pablo Sarabia
Ricardo Quaresma
Emiliano Martínez
Patrick Cutrone
Alessandro Del Piero
João Moutinho
 
Statystyki odpowiedzi
Odpowiedź % Poprawnych
Matheus Cunha
90%
Matheus Nunes
85%
Pedro Neto
83%
Rúben Neves
80%
Rui Patrício
80%
Gonçalo Guedes
78%
João Moutinho
76%
Adama Traoré
74%
Raúl Jiménez
74%
Pablo Sarabia
73%
Vitinha
65%
Diego Costa
60%
Patrick Cutrone
60%
Emiliano Martínez
18%
Nie znaleziono quizów pasujących do podanych kryteriów
Rozkład punktacji
Procent ludzi z każdym wynikiem
Percentyl według liczby udzielonych odpowiedzi
Twoja historia wyników
Nie rozwiązałeś tego quizu